Baby Animals; (Record no. 48725)
| 000 -LEADER | |
|---|---|
| fixed length control field | 00354nam a2200109 4500 |
| 020 ## - INTERNATIONAL STANDARD BOOK NUMBER | |
| International Standard Book Number | 9781783939268 |
| 100 ## - MAIN ENTRY--PERSONAL NAME | |
| Personal name | Vince, Sarah, |
| Relator term | Illustrator. |
| 9 (RLIN) | 85818 |
| 245 ## - TITLE STATEMENT | |
| Title | Baby Animals; |
| Remainder of title | with touch and feel and lift the flap. |
| Statement of responsibility, etc | Illustrated by Sarah Vince. |
| 260 ## - PUBLICATION, DISTRIBUTION, ETC. (IMPRINT) | |
| Place of publication, distribution, etc | UK. : |
| Name of publisher, distributor, etc | Make Believe Ideas ; |
| Date of publication, distribution, etc | 2015. |
| 300 ## - PHYSICAL DESCRIPTION | |
| Extent | 12 pages. |
| Dimensions | 21 x 1 x 21 cm. |
| 942 ## - ADDED ENTRY ELEMENTS (KOHA) | |
| Source of classification or shelving scheme | |
| Koha item type | Board Book |
| Withdrawn status | Lost status | Source of classification or shelving scheme | Damaged status | Not for loan | Home library | Current library | Date acquired | Total Checkouts | Full call number | Barcode | Checked out | Date last seen | Date checked out | Price effective from | Koha item type |
|---|---|---|---|---|---|---|---|---|---|---|---|---|---|---|---|
| Logos International School | Logos International School | 03/25/2025 | 10 | BB VIN | 040568 | 07/20/2026 | 03/03/2026 | 03/03/2026 | 03/25/2025 | Board Book |